Emperadores del Sacro Imperio Romano Germánico - Estadísticas

Estadísticas generales
  • Esta prueba ha sido intentada 189 veces
  • La puntuación promedio es 21 de 34
Estadísticas de respuestas
Período Nombre % Correcto
1519-1556 Carlos V
96%
1711-1740 Carlos VI
96%
1742-1745 Carlos VII
96%
1556-1564 Fernando I
77%
1619-1637 Fernando II
77%
1637-1657 Fernando III
77%
1745-1765 Francisco I
74%
1792-1806 Francisco II
74%
962-973 Otón I
70%
967-983 Otón II
70%
996-1002 Otón III
70%
1209-1215 Otón IV
70%
1508-1519 Maximiliano I
68%
1564-1576 Maximiliano II
68%
1014-1024 Enrique II
67%
1046-1056 Enrique III
67%
1084-1106 Enrique IV
67%
1111-1125 Enrique V
67%
1191-1197 Enrique VI
67%
1312-1313 Enrique VII
67%
1155-1190 Federico I
62%
1220-1250 Federico II
62%
1452-1493 Federico III
62%
1705-1711 José I
61%
1765-1790 José II
61%
1328-1347 Luis IV
59%
1658-1705 Leopoldo I
44%
1790-1792 Leopoldo II
44%
1612-1619 Matías I
39%
1576-1612 Rodolfo II
36%
1433-1437 Segismundo
29%
1027-1039 Conrado II
28%
1133-1137 Lotario II
26%
1355-1378 Carlos IV
15%
No se encontraron pruebas coincidentes
Distribución de puntuación
Porcentaje de gente con cada puntuación
Porcentaje por número respondido
Historial de tus puntuaciones
No has intentado esta prueba.